Équipes nationales de l'année World Rugby. - Statistiques

Statistiques générales
  • Ce quiz a été pris 386 fois
  • Le résultat moyen est 19 sur 19
Statistiques - réponses
Année Équipe % Correct
2005 Nouvelle-Zélande
100%
2006 Nouvelle-Zélande
100%
2008 Nouvelle-Zélande
100%
2010 Nouvelle-Zélande
100%
2011 Nouvelle-Zélande
100%
2012 Nouvelle-Zélande
100%
2013 Nouvelle-Zélande
100%
2014 Nouvelle-Zélande
100%
2015 Nouvelle-Zélande
100%
2016 Nouvelle-Zélande
100%
2017 Nouvelle-Zélande
100%
2004 Afrique du Sud
99%
2007 Afrique du Sud
99%
2009 Afrique du Sud
99%
2019 Afrique du Sud
99%
2003 Angleterre
99%
2002 France
99%
2001 Australie
98%
2018 Irlande
98%
Aucun quiz correspondant
Distribution des résultats
% des personnes avec chaque résultat
Percentile par nombre de réponses
Votre historique - résultats
Vous n’avez pas pris ce quiz